01157nam a22002657a 45000010005000000030006000050050017000110080041000280200018000690400029000870500013001160820011001291000019001402450133001592500041002922600039003333000045003725050007004175200343004245210019007675210018007866500023008046500027008277000037008544768FISKH20241009161238.0241009b cb ||||| |||| 00| 0 eng d a9780746060469 aFISKHbengcFISKHdFISKH aPZ7.A514 a823.92 aAmery, Heather aPig gets stuck / cHeather Amery Illustrated by Stephen Cartwright Language consultants : Betty Root Series editor : Jenny Tyler aThis edition first published in 2004 aLondon :bUsborne Farmyard,c2004. a15 pages :bColor illustrations ;c21 cm aJ  aCurly the pig is stuck: will Mrs Boot be able to get him out? A well-loved story set on Apple Tree Farm featuring Mrs Boot the farmer, her children Poppy and Sam, and a menagerie of friendly animals including Curly the pig, Woolly the sheep and Rusty the dog. See if you can spot the Usborne Little Yellow Duck who is hiding on each page!8 a460L bLexile 8 aJ bRaz-Plus  2Farm animalsaPigs 2Easy readeraBreakfast aCartwright, StephendIllustrator